Countries Containing M (no continent prompts) - Statistics

General Stats
  • This quiz has been taken 9,121 times
  • The average score is 43 of 52
Answer Stats
country % Correct
Mali
94%
Mexico
92%
Morocco
92%
Madagascar
91%
Mauritania
91%
Malaysia
90%
Mauritius
90%
Monaco
89%
Mongolia
89%
Montenegro
89%
Mozambique
89%
Zambia
89%
Zimbabwe
89%
Oman
88%
Macedonia
87%
Malawi
87%
Maldives
87%
Malta
87%
Yemen
87%
Armenia
86%
Moldova
86%
Myanmar
85%
Dominican Republic
84%
Marshall Islands
84%
Namibia
84%
Panama
84%
Cambodia
83%
Colombia
83%
Dominica
83%
Germany
83%
Romania
82%
Gambia
81%
Belgium
80%
San Marino
80%
Somalia
80%
United Kingdom
80%
Vietnam
80%
Bahamas
79%
Denmark
79%
Luxembourg
79%
Cameroon
78%
Jamaica
77%
Micronesia
77%
Turkmenistan
77%
Suriname
76%
Comoros
75%
Guatemala
75%
United Arab Emirates
75%
Samoa
74%
Solomon Islands
71%
São Tomé and Príncipe
65%
Timor-Leste
53%
No matching quizzes found
Score Distribution
Percent of People with Each Score
Percentile by Number Answered
Your Score History
You have not taken this quiz